00682nam a2200169Ia 4500008004100000041001200041082001700053100002200070245012000092250001300212260004700225300001300272650002200285942000700307999001900314952017900333231221s9999 xx 000 0 und d aEnglish a001.642 DEI aDeitel, Harvey M. 3aAn Introduction to operating systems: Including case studies in unix, OS/2, MS-DOS, macintosh, UM,MVS, open systems a2nd ed.  c1990bPearson Education (Singapore)aDelhi axxvi+853 aoperating,systems cBC c201976d201976 r2024-01-26 00:00:00l0o001.642 DEIpBC223v236.00w2024-01-26yBC1040708BCA00aMLbMLcBCAd0000-00-00eSapna Book Houseg295.00EBCAK26074L11/08/2009GRSF1V59W20